Statistiques concernant trouve l'acteur

Cliquez ici pour prendre le quiz!

Statistiques générales

  • Ce quiz a été pris 78 fois
  • Le résultat moyen est 5 sur 12

Statistiques - réponses

Réponse% Correct
Leonardo DiCaprio
94%
Ryan Gosling
81%
Ryan Reynolds
69%
Dylan O'brien
57%
Taylor Lautner
40%
Ashton Kutcher
33%
Ian Somerhalder
33%
Evan Peters
29%
Ross Lynch
26%
Chace Crawford
15%
Manu Ríos
15%
Julio Peña Fernández
11%

Distribution des résultats

Percentile par nombre de réponses

% des personnes avec chaque résultat

Votre développement - résultats

Vous n’avez pas pris ce quiz